000 00965nam a2200253Ia 4500
003 OSt
005 20221005103611.0
006 a|||||r|||| 00| 0
007 ta
008 221004b |||||||| |||| 00| 0 hin d
024 _a122481
037 _bGift, 27/10/2012,
_cTextual
040 _aCRL
_cCRL
_bhin
041 _2hin
_ahin
082 _aP15,Cx1,1, N8
100 _aसुदर्शनदेव
245 0 _aपाणिनीय अष्टाध्यायी प्रवचनम्
246 _aPāṇinīya aṣhṭādhyāyī pravachanam
260 _aझज्जर
_bब्रह्मर्षि स्वामी विरजानन्द आर्ष धर्मार्थ न्यास भारत
_c1998
300 _a586पृ0
_ccm.
650 _aसंस्कृत भाषा
942 _hP15,Cx1,1, N8
_cTEXL
_2cc
999 _c1010398
_d1010398